[Event "World Team-ch 2017"]
[Site "Khanty-Mansyisk"]
[Date "2017.06.18"]
[Round "2"]
[White "Areshchenko, Alexander"]
[Black "Kovalev, Vladislav"]
[Result "1/2-1/2"]
[WhiteElo "2652"]
[BlackElo "2641"]
[Annotator "TA"]
[PlyCount "40"]
[EventDate "2017.??.??"]
[EventType "team-tourn"]
[EventCountry "RUS"]
[SourceTitle "playchess.com"]
[Source "ChessBase"]
[SourceQuality "1"]
[WhiteTeam "UKR"]
[BlackTeam "BLR"]
[WhiteTeamCountry "UKR"]
[BlackTeamCountry "BLR"]

{[%evp 19,40,0,30,11,19,14,32,22,41,22,20,27,22,18,23,4,16,4,11,0,0,0,0]} 1. e4 e5 2. Nf3 Nc6 3. Bc4 Bc5 4. O-O Nf6 5. d3 O-O 6. h3 {C50: Hungarian Defence and Giuoco Pianissimo} (6. a4 a5 7. Bg5 h6 8. Bh4 Be7 9. Bg3 d6 10. h3 Nd7 11. Re1 Kh8 12. c3 Nb6 13. Bb3 f5 14. exf5 Bxf5 {½-½ (25) Caruana,F (2808)-Aronian,L (2793) Stavanger 2017}) 6... a6 7. a4 h6 8. Re1 d6 9. c3 Ba7 10. Nbd2 Be6 {LiveBook: 15 Games} (10... Nh5 {keeps more tension.} 11. Nf1 Qf6 12. Ne3 Nf4 13. Ng4 Qg6) 11. b4 Qd7 12. Bxe6 fxe6 13. Nb3 $146 ({Predecessor:} 13. Nf1 Rf7 14. Be3 Bxe3 15. Rxe3 Kh8 16. Ng3 {1-0 (53) Grigoriants,S (2566)-Mikhalevski,V (2511) Budapest 2017}) 13... Rf7 14. Be3 Bxe3 15. Rxe3 Raf8 16. Ra2 Ne7 {[%cal Bc6e7,Be7g6,Bg6f4][%mdl 32]} 17. d4 exd4 $1 {The position is equal.} 18. cxd4 Ng6 19. Nbd2 Nf4 20. Qf1 g5 1/2-1/2

[Event "World Team-ch 2017"]
[Site "Khanty-Mansyisk"]
[Date "2017.06.18"]
[Round "2"]
[White "Zhigalko, Sergei"]
[Black "Ponomariov, Ruslan"]
[Result "1/2-1/2"]
[WhiteElo "2635"]
[BlackElo "2712"]
[Annotator "TA"]
[PlyCount "29"]
[EventDate "2017.??.??"]
[EventType "team-tourn"]
[EventCountry "RUS"]
[SourceTitle "playchess.com"]
[Source "ChessBase"]
[SourceQuality "1"]
[WhiteTeam "BLR"]
[BlackTeam "UKR"]
[WhiteTeamCountry "BLR"]
[BlackTeamCountry "UKR"]

{[%evp 14,29,14,15,10,6,12,6,10,0,14,0,0,0,-1,-7,0,0]} 1. e4 e5 2. Nf3 Nc6 3. Bc4 Bc5 4. O-O Nf6 5. d3 O-O 6. h3 d6 7. c3 h6 8. Re1 {The position is equal.} a5 {C54: Giuoco Piano: 4 c3 Nf6, main lines with 5 d4 and 5 d3} (8... Re8 9. Nbd2 a6 10. Nf1 b5 11. Bb3 Bb6 12. Ng3 Be6 13. Bc2 d5 14. exd5 Bxd5 15. Be3 Qd7 16. a3 {½-½ (24) Aronian,L (2785)-Adams,M (2751) Sharjah 2017}) 9. Nbd2 {[%cal Bb1d2,Bd2f1,Bf1e3][%mdl 32]} Be6 10. Bb5 Qb8 11. Nf1 Qa7 12. Ne3 $146 ({Predecessor:} 12. Re2 Bb6 13. Ne3 Ne7 14. Nc4 Ng6 15. Nxb6 Qxb6 {1-0 (69) Garcia Moreno,C (2285)-Valles Moreno,I (2447) Linares 2016}) 12... a4 13. Bxc6 bxc6 14. Nh4 Kh7 15. Qf3 1/2-1/2

[Event "World Team-ch 2017"]
[Site "Khanty-Mansyisk"]
[Date "2017.06.18"]
[Round "2"]
[White "Piorun, Kacper"]
[Black "Robson, Ray"]
[Result "1/2-1/2"]
[WhiteElo "2632"]
[BlackElo "2656"]
[Annotator "TA"]
[PlyCount "63"]
[EventDate "2017.??.??"]
[EventType "team-tourn"]
[EventCountry "RUS"]
[SourceTitle "playchess.com"]
[Source "ChessBase"]
[SourceQuality "1"]
[WhiteTeam "POL"]
[BlackTeam "USA"]
[WhiteTeamCountry "POL"]
[BlackTeamCountry "USA"]

{[%evp 25,63,48,72,70,92,81,96,80,87,33,34,35,39,50,50,45,42,56,41,29,34,9,2,0,0,0,0,0,0,0,0,0,5,0,0,0,0,0,0,0]} 1. e4 {[%cal Be2e4,Be4e5][%mdl 32]} c5 2. c3 Nf6 3. e5 Nd5 4. Nf3 Nc6 5. Bc4 Nb6 6. Bb3 d5 7. exd6 Qxd6 8. O-O Bf5 9. d4 cxd4 10. Nxd4 Nxd4 11. cxd4 e6 12. Nc3 Be7 13. Qf3 Qd7 14. a4 {[#] Black must now prevent a5. B22: Sicilian: 2 c3} O-O 15. a5 Nc8 16. Ba4 {White is better.} Qc7 {[#]} 17. a6 $1 {[%mdl 512] [#]} Rb8 $146 (17... bxa6 18. Qxa8) ({Predecessor:} 17... Nd6 18. axb7 Rab8 19. g4 Bg6 20. Bc6 f5 21. d5 fxg4 {½-½ (56) Crouch,C (2330)-Shamkovich,L (2515) London 1980}) 18. Bf4 Nd6 19. Nb5 Qb6 20. Nxd6 Bxd6 21. Bxd6 Qxd6 22. axb7 Qb6 $1 23. Bc6 {Hoping for Rfc1.} (23. g4 {with more complications.} Bg6 24. Bc6 Bd3 25. Rfc1 Ba6 26. Rxa6 Qxa6 27. Qb3) 23... Bg4 {The position is equal.} 24. Qxg4 (24. Qc3 {is interesting.} Be2 25. Rfc1 Ba6 26. Rxa6 Qxa6 27. d5) 24... Qxc6 25. Rxa7 {Qf3 is the strong threat.} Rxb7 26. Rxb7 Qxb7 $11 {[%mdl 4096] Endgame KQR-KQR} 27. Qe2 Rd8 28. Rd1 Qd5 29. Rb1 Qb3 30. Qe3 Qb4 31. Qc3 Rxd4 32. Qc8+ {Precision: White = 58%, Black = 84%.} 1/2-1/2

[Event "World Team-ch 2017"]
[Site "Khanty-Mansyisk"]
[Date "2017.06.18"]
[Round "2"]
[White "Tari, Aryan"]
[Black "Hesham, Abdelrahman"]
[Result "1/2-1/2"]
[WhiteElo "2593"]
[BlackElo "2372"]
[Annotator "TA"]
[PlyCount "137"]
[EventDate "2017.??.??"]
[EventType "team-tourn"]
[EventCountry "RUS"]
[SourceTitle "playchess.com"]
[Source "ChessBase"]
[SourceQuality "1"]
[WhiteTeam "NOR"]
[BlackTeam "EGY"]
[WhiteTeamCountry "NOR"]
[BlackTeamCountry "EGY"]

{[%evp 14,137,43,25,98,95,108,101,101,89,88,77,127,122,135,141,145,134,157,157,152,155,143,153,173,154,168,168,172,153,191,190,315,312,307,304,366,389,387,386,424,318,301,312,308,234,285,282,383,373,440,420,431,431,559,382,503,297,313,285,283,288,281,119,105,16,30,18,23,25,48,41,41,47,49,35,29,33,64,8,7,0,0,0,0,0,0,4,4,6,7,5,18,18,35,8,8,8,16,0,0,0,0,0,0,0,0,0,0,0,0,-8,-8,-8,0,0,0,0,0,0,0,0,0,0,0,0]} 1. c4 Nf6 2. d4 g6 3. Nc3 Bg7 4. e4 d6 5. h3 O-O 6. Be3 c6 7. Nf3 Na6 {E90: King's Indian: Classical: Early deviations and 6 h3} 8. Be2 {LiveBook: 34 Games} b5 $146 (8... e5 $11 {remains equal.}) ({Predecessor:} 8... e5 9. d5 cxd5 10. cxd5 Nh5 11. O-O Nf4 12. Bc4 f5 13. Re1 g5 14. Nh2 fxe4 15. Nxe4 {½-½ (65) Jakovenko,D (2704)-Kozul,Z (2613) Doha 2016}) 9. cxb5 $16 cxb5 {White is better.} 10. Bxb5 Rb8 11. Nd2 Nc7 12. Bd3 d5 13. e5 Nd7 14. Nb3 f6 15. exf6 Nxf6 16. O-O Nh5 17. Re1 Nf4 18. Bf1 g5 19. Qd2 Rb6 20. Ne2 Rbf6 21. Rac1 Ne8 22. Qa5 Rb6 (22... Qxa5 $142 23. Nxa5 Bd7) 23. Nxf4 $18 (23. Qxa7 $6 Nd3 $18) 23... gxf4 24. Bd2 Qd7 25. Qc5 Nd6 26. Qxd5+ Kh8 27. Nc5 Qf5 28. Qxf5 Nxf5 29. Bc3 (29. Bxf4 Rxb2 30. d5 Rxa2 $18) 29... Rg6 30. Kh2 Rg8 31. d5 Bf6 32. Bxf6+ Rxf6 33. Nd3 Nh4 34. Rc6 Rf7 35. Re4 Bb7 36. Rc7 ({But not} 36. Rxf4 Bxc6 37. dxc6 Rxf4 $18) 36... Bxd5 37. Rxf4 Rfg7 {[%cal Rg7g2] [#] intending ...Rxg2+.} 38. g4 ({Not} 38. Rxh4 Rxg2+ 39. Bxg2 Rxg2+ 40. Kh1 Rg7+ 41. f3 Bxf3+ 42. Kh2 Rg2+ 43. Kh1 Rg7+ 44. Kh2 Rg2+ 45. Kh1 Rg7+ $11) (38. Rg4 $1 $18) 38... Nf3+ $16 39. Kg3 (39. Rxf3 $16 Bxf3 40. Kg3 (40. Rxa7 h5 $16)) 39... e5 $11 40. Rxg7 exf4+ 41. Nxf4 Rxg7 42. Nxd5 {[%mdl 4096] Endgame KRN-KBN} Nd2 43. Bg2 a5 44. b3 Rb7 45. Ne3 Rb8 46. Bd5 (46. Kf4 $14) 46... Nb1 47. Bc4 Nc3 48. a4 Ne4+ 49. Kf4 Nc5 50. Ke5 Nxb3 51. Bb5 Nd2 52. f4 Rd8 53. f5 Nf3+ 54. Ke6 {Threatens to win with f6.} Ng5+ {The position is equal.} 55. Ke7 Rd4 56. Bc6 {[#] And now h4 would win.} Nxh3 57. f6 {White wants to mate with f7.} Nf4 58. f7 {[%cal Rf7f8]} Ng6+ 59. Ke8 Rd6 60. Bd7 Rf6 61. Nf5 Ne5 62. Nh6 Kg7 63. Nf5+ $1 Kh8 (63... Kg6 $5 64. Ne7+ $8 Kg5 $11) 64. f8=Q+ Rxf8+ 65. Kxf8 Nxd7+ 66. Ke7 Nc5 67. Kf8 Nd7+ 68. Ke7 Nc5 69. Kf8 {Precision: White = 59%, Black = 56%.} 1/2-1/2

[Event "World Team-ch 2017"]
[Site "Khanty-Mansyisk"]
[Date "2017.06.18"]
[Round "2"]
[White "Aleksandrov, Aleksej"]
[Black "Moiseenko, Alexander"]
[Result "1/2-1/2"]
[WhiteElo "2565"]
[BlackElo "2675"]
[Annotator "TA"]
[PlyCount "25"]
[EventDate "2017.??.??"]
[EventType "team-tourn"]
[EventCountry "RUS"]
[SourceTitle "playchess.com"]
[Source "ChessBase"]
[SourceQuality "1"]
[WhiteTeam "BLR"]
[BlackTeam "UKR"]
[WhiteTeamCountry "BLR"]
[BlackTeamCountry "UKR"]

{[%evp 10,25,29,23,25,21,32,13,25,-10,10,1,6,10,29,16,21,-26]} 1. d4 Nf6 2. c4 e6 3. Nf3 Bb4+ 4. Nbd2 O-O 5. a3 Be7 6. e4 d6 {E11: Bogo-Indian} 7. Bd3 (7. Be2 Nbd7 8. O-O e5 9. b4 exd4 10. Nxd4 Re8 11. f3 a5 12. N2b3 axb4 13. axb4 Rxa1 14. Nxa1 {½-½ (59) Rodshtein,M (2698)-Bachmann,A (2646) Chartres 2017}) 7... Nfd7 8. O-O e5 9. Re1 a5 10. Bc2 exd4 11. Nxd4 Bf6 12. Nf1 $146 ({Predecessor:} 12. N2f3 Re8 13. Rb1 Nb6 14. Qd3 {½-½ (37) Livaic,L (2430)-Martinovic,S (2540) Zagreb 2016}) 12... Nc6 13. Nxc6 1/2-1/2

[Event "World Team-ch 2017"]
[Site "Khanty-Mansyisk"]
[Date "2017.06.18"]
[Round "2"]
[White "Sanal, Vahap"]
[Black "Fedoseev, Vladimir"]
[Result "1/2-1/2"]
[WhiteElo "2533"]
[BlackElo "2703"]
[Annotator "TA"]
[PlyCount "185"]
[EventDate "2017.??.??"]
[EventType "team-tourn"]
[EventCountry "RUS"]
[SourceTitle "playchess.com"]
[Source "ChessBase"]
[SourceQuality "1"]
[WhiteTeam "TUR"]
[BlackTeam "RUS"]
[WhiteTeamCountry "TUR"]
[BlackTeamCountry "RUS"]

{[%evp 9,185,21,42,8,3,-7,-4,0,0,-14,10,-12,-11,-22,-16,-25,-6,-33,-6,-8,-7,-8,0,-6,0,-4,0,-2,0,-4,0,-11,0,-7,6,12,0,0,0,0,24,0,14,19,19,12,19,19,19,19,39,43,37,36,41,0,37,44,38,11,16,16,0,-18,-26,-71,0,0,0,0,0,-4,-4,-4,-4,-4,-4,-31,-16,-20,-30,-113,-113,-114,-114,-120,-115,-103,-58,-58,-58,-58,-59,-75,-39,-36,-35,-118,-12,-76,-95,-111,-111,-122,-8,-8,-8,-8,-8,-8,-8,-8,0,-8,-8,-8,0,0,0,0,0,0,0,0,0,-28,-28,-31,-35,-43,-52,-106,-106,-106,-114,-114,-114,-136,-94,-94,-75,-83,-83,-83,0,-88,-88,-101,-77,-77,-47,-50,-46,-54,-61,-84,-8,-8,-8,-8,-8,-14,-8,-8,-8,-8,-8,-8,-8,-8,-8,-8,0,0,0,0,0,-8]} 1. e4 e5 2. Nf3 Nc6 3. Bb5 Nf6 4. d3 Bc5 5. Bxc6 dxc6 6. b3 {C65: Ruy Lopez: Berlin Defence (3...Nf6), unusual lines and 4 0-0 Bc5} (6. O-O Nd7 7. c3 O-O 8. d4 Bd6 9. Bg5 f6 10. Qb3+ Kh8 11. Bh4 b6 12. Nbd2 Ba6 13. Rfe1 Qe7 14. dxe5 Nxe5 15. Nxe5 Qxe5 {1-0 (46) Eljanov,P (2751)-Radjabov,T (2710) Shamkir 2017}) 6... O-O 7. Bb2 Re8 8. O-O Nd7 9. Nbd2 f6 10. Nc4 $146 ({Predecessor:} 10. c3 Nf8 11. d4 Bd6 12. Qc2 Ng6 13. Rfe1 Bg4 {0-1 (46) Perez Candelario,M (2568)-Koziak,V (2486) Navalmoral 2013}) 10... Nf8 {[%cal Bd7f8,Bf8g6,Bg6f4,Bf4e2][%mdl 32]} 11. h3 a5 12. a4 Be6 13. Ne3 (13. Nh4 {with more complications.} Qd7 14. Qf3 b6 15. Ne3 Rad8 16. Rad1) 13... Qd7 (13... Ng6 {feels hotter.} 14. Ba3 Ba7 15. Bb2 Qe7 16. Kh2 Bc5) 14. Ba3 Bxa3 15. Rxa3 Ng6 16. Ra1 c5 17. Nd2 Kh8 18. Kh2 Nf4 19. h4 Bf7 20. Qg4 Re6 21. Qf3 Rg8 22. g3 Bh5 23. Qh1 Ne2 24. Qg2 Nd4 25. f3 Ra6 26. Qh3 Qd8 27. Rf2 Bf7 28. f4 exf4 29. gxf4 f5 30. Rg1 $1 Be6 31. exf5 Bc8 32. Ne4 Qf8 33. Rg5 g6 34. h5 {Hoping for Rfg2.} gxf5 35. Rxg8+ Qxg8 36. Rg2 Qe8 $1 37. Nd2 ({Of course not} 37. Nxc5 Rh6 $17) 37... Rh6 (37... Re6 $1 $17 {[%cal Re6e3]} 38. Nec4 Nxc2) 38. Kg1 $11 Rxh5 39. Qg3 {[%csl Gg2][%cal Rg3g7]} Qg6 40. Qxg6 hxg6 41. Nd5 Kg7 42. Nc4 b6 {...Bb7 is the strong threat.} 43. Ne5 Rh6 {And now ...Bb7 would win.} 44. Nxc7 Bb7 45. Rh2 (45. c3 $1 $11 Bxg2 46. cxd4) 45... Rxh2 $17 46. Kxh2 Nxc2 {[%mdl 4096] Endgame KBN-KNN} 47. Ne8+ {[#]} Kh6 $1 48. Nd6 Bd5 49. Nc8 Bxb3 50. Nxb6 Nd4 51. Kg3 g5 52. fxg5+ $1 Kxg5 53. Kf2 (53. Nec4 $15) 53... f4 (53... Be6 $17 {Black wants to play ...Nb3.} 54. Nbd7 Nb3 55. Nf3+ Kh6) 54. Ned7 (54. Nec4 $1 $11 {keeps the balance.}) 54... Ne6 55. Ne5 Nd8 56. Nec4 {[#]} Bxc4 (56... Nb7 $1 $17 57. Ke1 Kh4) 57. Nxc4 {KN-KN} Nb7 58. Nd2 Kf5 59. Nb3 Kg4 60. Kg2 $1 Kf5 61. Kf3 Ke5 62. Kg4 c4 63. dxc4 Ke4 64. c5 Ke3 65. c6 Nd6 66. c7 f3 {White must now prevent ...f2.} 67. Nxa5 f2 68. Nc4+ $1 Nxc4 69. c8=Q f1=Q 70. Qc5+ (70. Qe6+ $1 $15 Kd4 71. a5) 70... Ke4 71. Qc6+ Kd4 72. Qd7+ Kc3 73. Qg7+ Kc2 74. Qh7+ Kd2 75. Qh2+ Kd3 76. Qh7+ Kd2 77. Qh2+ Kd1 78. Kg5 Nd2 {Strongly threatening ...Nf3+.} 79. Qf4 Nf3+ 80. Kf6 Qa6+ 81. Ke7 Qb7+ 82. Ke6 Ke2 ({Black should try} 82... Qc8+ $17 83. Ke7 Qb7+ 84. Ke6 Qc8+ 85. Ke7 Ke2) 83. Qc4+ $11 {The position is equal.} Ke3 84. Qc1+ Ke4 85. Qc2+ Kf4 {( -> ...Nd4+)} 86. Qc4+ $1 Kg3 87. a5 Qa8 88. Qc7+ Kg4 89. Qc4+ Kh3 {aiming for ...Qg8+.} 90. Qd5 $132 {[%mdl 2048] White is not keeping still} Qg8+ 91. Kd6 Qd8+ 92. Kc6 Qa8+ 93. Kd6 {Precision: White = 55%, Black = 50%.} 1/2-1/2

[Event "World Team-ch 2017"]
[Site "Khanty-Mansyisk"]
[Date "2017.06.18"]
[Round "2"]
[White "Salomon, Johan"]
[Black "Ameir, Moheb"]
[Result "1-0"]
[WhiteElo "2501"]
[BlackElo "2399"]
[Annotator "TA"]
[PlyCount "131"]
[EventDate "2017.??.??"]
[EventType "team-tourn"]
[EventCountry "RUS"]
[SourceTitle "playchess.com"]
[Source "ChessBase"]
[SourceQuality "1"]
[WhiteTeam "NOR"]
[BlackTeam "EGY"]
[WhiteTeamCountry "NOR"]
[BlackTeamCountry "EGY"]

{[%evp 15,131,14,12,7,35,35,33,39,39,39,33,43,42,39,44,35,52,43,42,25,17,11,36,31,22,37,52,53,61,61,80,54,66,65,50,0,0,0,21,20,33,6,10,10,2,0,0,0,15,0,2,0,34,27,81,50,69,68,64,42,87,55,55,62,63,49,49,50,61,50,75,80,75,77,80,79,103,96,107,68,58,54,206,53,62,40,174,174,174,174,166,166,204,159,187,159,221,220,220,213,12840,12841,12841,12841,12844,12844,12845,12845,12845,12846,12846,12843,12844,12844,12845,12845,12845,12845]} 1. Nf3 c5 2. c4 Nc6 3. Nc3 g6 4. e3 Nf6 5. d4 cxd4 6. exd4 d5 7. cxd5 Nxd5 8. Qb3 e6 9. Bb5 {A35: Symmetrical English: 2 Nc3 Nc6 3 Nf3} (9. Bg5 $5 {[%cal Rg5d8]} Be7 10. Bh6 $14) 9... a6 (9... Bg7 {looks sharper.} 10. Bg5 Qa5 11. O-O O-O 12. Rac1 Qb4) 10. Bxc6+ bxc6 11. O-O {White is slightly better.} Bg7 12. Bg5 f6 13. Bd2 O-O 14. Ne4 {[#]} Rf7 $146 ({Predecessor:} 14... g5 15. Nc5 g4 16. Ne1 f5 17. Nc2 Qd6 {0-1 (64) Bogdanovich,S (2567)-Areshchenko,A (2708) Kiev 2013}) 15. Rac1 Bd7 16. Nd6 Re7 17. Nb7 Qb8 18. Na5 Qb5 19. Rfe1 Bf8 20. Qc2 Ree8 21. a3 Rac8 22. b4 $1 Nb6 23. Qe4 Qf5 24. Qe2 Qb5 25. Rc2 Qxe2 26. Rxe2 g5 (26... e5 $5) 27. h3 h5 28. Re1 g4 29. hxg4 hxg4 30. Nh2 e5 31. dxe5 Rxe5 32. Rxe5 fxe5 33. Be3 $36 {[%mdl 2048] White has good play.} Nd5 (33... c5 $5) 34. Bc5 Bh6 (34... Bf5 $11 35. Rc4 Bg7) 35. Nf1 Bf4 36. Re2 Re8 37. Nc4 (37. Be3 $5) 37... e4 38. Nd6 Nc3 39. Rc2 Bxd6 40. Bxd6 Nb5 41. Bc5 Nxa3 42. Ra2 Nc4 43. Rxa6 Re5 44. Ra7 Rd5 45. Ng3 Nd2 46. Be3 Kf7 47. Bxd2 Rxd2 48. Nxe4 $16 {[%mdl 4096] Endgame KRB-KRN} Rd1+ 49. Kh2 {Hoping for Nc5.} Kg6 $1 50. Nc5 Be8 {[#]} (50... Bf5 $14) 51. Re7 $1 $18 {[%cal Re7e8]} Bf7 {[#]} 52. Re4 $1 Kf5 53. Kg3 Bh5 54. Rc4 Ke5 55. Nb7 Rd3+ (55... Bf7 $16 {was necessary.} 56. Rxg4 (56. Rxc6 Bd5 $11) 56... Bd5) 56. Kh4 Bf7 57. Rxg4 Rd4 $2 (57... Rd2 58. Nc5 Rd8 59. Re4+ Kf6 60. Rf4+ Kg6) 58. Rxd4 {White is clearly winning.} Kxd4 {KB-KN} 59. g4 Kc3 60. Nd6 Bd5 61. b5 {[%cal Bb4b5,Bb5b6][%mdl 32]} c5 62. b6 c4 63. Nf5 Kb4 64. Ne3 Be4 65. g5 Kc5 {[#]} 66. f3 $1 {Precision: White = 71%, Black = 53%.} 1-0

[Event "World Team-ch 2017"]
[Site "Khanty-Mansyisk"]
[Date "2017.06.18"]
[Round "2"]
[White "Fawzy, Adham"]
[Black "Urkedal, Frode"]
[Result "0-1"]
[WhiteElo "2418"]
[BlackElo "2541"]
[Annotator "TA"]
[PlyCount "48"]
[EventDate "2017.??.??"]
[EventType "team-tourn"]
[EventCountry "RUS"]
[SourceTitle "playchess.com"]
[Source "ChessBase"]
[SourceQuality "1"]
[WhiteTeam "EGY"]
[BlackTeam "NOR"]
[WhiteTeamCountry "EGY"]
[BlackTeamCountry "NOR"]

{[%evp 14,48,0,4,3,-10,0,-29,-5,-18,-16,-62,-20,-55,-43,-59,-55,-57,-70,-73,-69,-86,-72,-121,-82,-68,-42,-261,-254,-245,-256,-445,-443,-444,-441,-506,-506]} 1. e4 e5 2. Nf3 Nc6 3. Bc4 Bc5 4. O-O Nf6 5. d3 d6 6. h3 Na5 7. Nbd2 O-O 8. c3 Nxc4 {C54: Giuoco Piano: 4 c3 Nf6, main lines with 5 d4 and 5 d3} 9. Nxc4 b5 10. Ncd2 $146 ({Predecessor:} 10. Ne3 Bb6 11. Kh2 h6 12. g4 Re8 13. Nf5 d5 14. Qe2 Bxf5 15. gxf5 Qd6 16. Rg1 {0-1 (26) Ongut,T (1904)-Capaliku,A (1976) Nova Gorica 2016}) 10... Bb7 {Black has an edge.} 11. Nb3 Bb6 12. Be3 c5 13. Nfd2 {[#]} c4 $1 {[%mdl 512]} 14. Bxb6 (14. dxc4 Bxe3) 14... axb6 15. dxc4 bxc4 16. Nxc4 Nxe4 17. Ne3 f5 {Threatens to win with ...f4.} 18. Qd3 Qg5 19. Nd5 Kh8 {And now ...Nf6 would win.} 20. a3 $2 {[#]} ({Better is} 20. Nxb6 $15 Nd2 21. Qg3 Qxg3 22. fxg3 Nxf1 23. Nxa8) 20... Nf6 $1 $19 ({Stronger than} 20... Nc5 21. Nxc5 bxc5 22. Rfd1 $11) 21. f4 Qg6 $40 {[%mdl 128] Black is out for blood.} 22. Ne3 $2 (22. c4 {only move.}) 22... exf4 {Black is clearly winning.} 23. Rxf4 Qg3 {Strongly threatening ...Bxg2.} 24. Qd4 Rae8 {Precision: White = 16%, Black = 69%.} 0-1

[Event "World Team-ch 2017"]
[Site "Khanty-Mansyisk"]
[Date "2017.06.18"]
[Round "2"]
[White "Farahat, Ali"]
[Black "Hauge, Lars Oskar"]
[Result "1-0"]
[WhiteElo "2402"]
[BlackElo "2448"]
[Annotator "TA"]
[PlyCount "47"]
[EventDate "2017.??.??"]
[EventType "team-tourn"]
[EventCountry "RUS"]
[SourceTitle "playchess.com"]
[Source "ChessBase"]
[SourceQuality "1"]
[WhiteTeam "EGY"]
[BlackTeam "NOR"]
[WhiteTeamCountry "EGY"]
[BlackTeamCountry "NOR"]

{[%evp 10,47,14,10,71,67,58,47,43,47,68,68,90,80,73,39,55,45,93,101,100,75,141,131,122,83,95,95,102,102,96,87,345,319,415,428,653,640,631,624]} 1. e4 e6 2. d4 d5 3. Nd2 c5 4. Ngf3 Nc6 5. c3 Nf6 6. Bd3 c4 {C05: French Tarrasch: 3...Nf6 4 e5 Nfd7, 5 f4 and 5 Bd3 sidelines} (6... cxd4 $11 7. cxd4 Nb4) (6... cxd4 7. cxd4 dxe4 8. Nxe4 Bb4+ 9. Nc3 O-O 10. O-O Be7 11. a3 b6 12. Be3 Bb7 13. Qe2 Rc8 14. Rad1 Rc7 15. h3 Rd7 16. Bb5 Nd5 17. Nxd5 Rxd5 18. Rc1 Qa8 19. Bd3 Rd7 20. Rfd1 {½-½ (56) Zvjaginsev,V (2648)-Fedoseev,V (2674) Kaliningrad 2015}) 7. Bc2 $16 b5 8. e5 Nd7 {White is slightly better.} 9. Nf1 {[%cal Bd2f1,Bf1g3,Bg3h5,Bh5f4][%mdl 32]} Nb6 $146 ({Predecessor:} 9... Be7 10. Ng3 h5 11. h4 Qb6 12. Ng5 Bxg5 13. Bxg5 g6 14. Ne2 Ne7 15. Nf4 {1-0 (48) Saltaev,M (2495)-Rogovskoy,A (2405) Volgograd 1997}) 10. Ng3 Be7 11. Nh5 g6 12. Nf4 a5 13. h4 b4 {[#]} 14. Ng5 $1 a4 15. a3 bxc3 (15... b3 $142 16. Bb1 Ra7) 16. bxc3 Na5 17. Be3 ({Inferior is} 17. Bxa4+ Nxa4 18. Qxa4+ Bd7 $17) 17... Nb3 18. Ra2 Ra7 19. Rh3 Na8 20. Qf3 {And now Nxf7! would win.} Qa5 $2 {[%mdl 8192]} (20... Bxg5 $16 {keeps fighting.} 21. hxg5 Rb7) 21. Ne2 $18 Bd8 22. h5 Re7 (22... gxh5 $142 23. Qxh5 (23. Nxh7 Kd7 $18) 23... Bxg5) 23. hxg6 fxg6 {[#]} 24. Nxh7 $1 {[%mdl 512] Precision: White = 97%, Black = 34%.} 1-0

[Event "World Team-ch 2017"]
[Site "Khanty-Mansyisk"]
[Date "2017.06.20"]
[Round "4"]
[White "Yu, Yangyi"]
[Black "Hesham, Abdelrahman"]
[Result "1-0"]
[WhiteElo "2749"]
[BlackElo "2372"]
[Annotator "TA"]
[PlyCount "59"]
[EventDate "2017.??.??"]
[EventType "team-tourn"]
[EventCountry "RUS"]
[SourceTitle "playchess.com"]
[Source "ChessBase"]
[SourceQuality "1"]
[WhiteTeam "CHN"]
[BlackTeam "EGY"]
[WhiteTeamCountry "CHN"]
[BlackTeamCountry "EGY"]

{[%evp 16,59,33,-1,0,-13,-12,-13,32,31,44,0,2,0,0,0,0,0,0,0,11,10,18,24,20,25,87,92,239,244,347,350,334,316,437,390,479,419,460,448,455,448,443,438,422,425]} 1. e4 e5 2. Nf3 Nc6 3. Bb5 Nf6 4. O-O Nxe4 5. d4 Nd6 6. Bxc6 dxc6 7. dxe5 Nf5 8. Qxd8+ Kxd8 9. h3 Bd7 {C67: Ruy Lopez: Berlin Defence: 4 0-0 Nxe4} (9... Ke8 10. Nc3 h5 11. Bg5 Be6 12. Rad1 Be7 13. b3 h4 14. Rfe1 a5 15. Rd3 Rd8 16. Rxd8+ Kxd8 17. Ne2 Bd5 18. Bxe7+ Kxe7 {½-½ (49) So,W (2822)-Caruana,F (2817) Saint Louis 2017}) 10. Rd1 Kc8 11. Nc3 {[%cal Bb1c3,Bc3e2,Be2f4][%mdl 32]} h5 {The position is equal.} 12. Bg5 $146 ({Predecessor:} 12. Ng5 Be8 13. Bf4 b6 14. Rd3 Be7 15. Rad1 Kb7 16. Nge4 h4 17. Bg5 Bxg5 18. Nxg5 {0-1 (53) Swiercz,D (2609)-Romanov,E (2611) Germany 2013}) 12... b6 13. b3 Be6 14. Ne2 Bd5 $1 15. Ne1 Be7 16. Bxe7 Nxe7 17. c4 $36 {[%mdl 2048] White has good play.} Be6 18. Nf4 Bf5 (18... g5 $5 {[%cal Rg5f4]} 19. Nxe6 fxe6 $14) 19. Nf3 Kb7 20. Ng5 Raf8 (20... Ng6 $11 21. Nxg6 Bxg6) 21. e6 $16 f6 (21... fxe6 $16 {keeps fighting.} 22. Rd7 (22. Ngxe6 Bxe6 23. Nxe6 Rf6 $16) 22... Re8) 22. Nf7 $18 Rhg8 (22... Rxf7 $142 23. exf7 Rf8 24. Nxh5 Rxf7) 23. Rd7 $1 Nc8 24. Rad1 Kb8 25. Nd8 c5 26. Nxh5 g6 27. Ng7 {White is clearly winning.} Bc2 28. R1d2 Bb1 29. e7 Nxe7 30. Nge6 {Precision: White = 82%, Black = 52%.} ({Not} 30. Rxe7 Rxd8 31. Rb2 Rd1+ 32. Kh2 Rgd8 $11) 1-0